Historia ambiental de Bogotá y la Sabana, 1850-2005 / (Registro nro. 18828)
[ vista simple ]
| 000 -CABECERA | |
|---|---|
| Campo de control | 01572cam a2200301 4500 |
| 005 - FECHA Y HORA DE LA ULTIMA TRANSACCION | |
| Campo de control | 20160627093818.0 |
| 008 - ELEMENTOS DE LONGITUD FIJA—INFORMACION GENERAL | |
| Campo de control | 091020s2008 ck abd r 000 0 spa d |
| 020 ## - ISBN | |
| ISBN | 9789589871713 |
| 040 ## - FUENTE DE CATALOGACIÓN | |
| Agencia catalogadora original | CO-BoPUJ |
| Agencia transcriptora | CO-BoIAVH |
| Agencia Modificadora | CO-BoIAVH |
| 041 0# - IDIOMA | |
| Código de idioma para texto/pista de sonido o título separado | Español |
| 044 ## - PAÍS DE PUBLICACIÓN | |
| País de publicación | Colombia |
| 082 04 - NUMERO DE CLASIFICACION DECIMAL DEWEY | |
| Número de clasificación | 333.72 |
| Número del ítem | H67a |
| 245 00 - MENCION DE TITULO | |
| Título | Historia ambiental de Bogotá y la Sabana, 1850-2005 / |
| Mención de responsabilidad | Margarita Flora Ruiz Soto [y otros 8] ; editor Germán Palacio Castañeda |
| 260 ## - PUBLICACION, DISTRIBUCION, ETC. (PIE DE IMPRENTA) | |
| Lugar de publicación, distribución, etc. | Leticia, Colombia : |
| Nombre del editor, distribuidor, etc. | Universidad Nacional de Colombia : |
| -- | Instituto Amazónico de Investigaciones IMANI, |
| Fecha de publicación, distribución, etc. | 2008. |
| 300 ## - DESCRIPCION FISICA | |
| Extensión | 345 páginas : |
| Otros detalles físicos | ilustraciones, gráficas y mapas, |
| Dimensiones | 24 x 20 cm. |
| 504 ## - NOTA DE BIBLIOGRAFIA, ETC. | |
| Nota de bibliografía | Incluye referencias bibliográficas. |
| 650 16 - ASIENTO SECUNDARIO DE MATERIA - TERMINO TEMATICO | |
| Término temático o nombre geográfico como elemento de entrada | Protección ambiental |
| Subdivisión general | Historia |
| Subdivisión geográfica | Bogotá (Colombia) |
| Subdivisión cronológica | 1850-2005 |
| 9 (RLIN) | 72230 |
| 650 26 - ASIENTO SECUNDARIO DE MATERIA - TERMINO TEMATICO | |
| Término temático o nombre geográfico como elemento de entrada | Medio ambiente |
| Subdivisión general | Historia |
| Subdivisión geográfica | Bogotá (Colombia) |
| Subdivisión cronológica | 1850-2005 |
| 9 (RLIN) | 72231 |
| 650 24 - ASIENTO SECUNDARIO DE MATERIA - TERMINO TEMATICO | |
| Término temático o nombre geográfico como elemento de entrada | Conservación del medio ambiente |
| Subdivisión general | Historia |
| Subdivisión geográfica | Bogotá (Colombia) |
| Subdivisión cronológica | 1850-2005 |
| 9 (RLIN) | 72232 |
| 650 26 - ASIENTO SECUNDARIO DE MATERIA - TERMINO TEMATICO | |
| Término temático o nombre geográfico como elemento de entrada | Conservación de los recursos |
| Subdivisión general | Historia |
| Subdivisión geográfica | Bogotá (Colombia) |
| Subdivisión cronológica | 1850-2005 |
| 9 (RLIN) | 72233 |
| 650 26 - ASIENTO SECUNDARIO DE MATERIA - TERMINO TEMATICO | |
| Término temático o nombre geográfico como elemento de entrada | Desarrollo rural |
| Subdivisión geográfica | Bogotá (Colombia) |
| Subdivisión cronológica | 1850-2005 |
| 9 (RLIN) | 72234 |
| 650 26 - ASIENTO SECUNDARIO DE MATERIA - TERMINO TEMATICO | |
| Término temático o nombre geográfico como elemento de entrada | Protección ambiental |
| Subdivisión general | Historia |
| Subdivisión geográfica | Sabana de Bogotá (Colombia) |
| Subdivisión cronológica | 1850-2005 |
| 9 (RLIN) | 72235 |
| 650 26 - ASIENTO SECUNDARIO DE MATERIA - TERMINO TEMATICO | |
| Término temático o nombre geográfico como elemento de entrada | Medio ambiente |
| Subdivisión general | Historia |
| Subdivisión geográfica | Sabana de Bogotá (Colombia) |
| Subdivisión cronológica | 1850-2005 |
| 9 (RLIN) | 72236 |
| 650 24 - ASIENTO SECUNDARIO DE MATERIA - TERMINO TEMATICO | |
| Término temático o nombre geográfico como elemento de entrada | Conservación del medio ambiente |
| Subdivisión general | Historia |
| Subdivisión geográfica | Sabana de Bogotá (Colombia) |
| Subdivisión cronológica | 1850-2005 |
| 9 (RLIN) | 72237 |
| 700 1# - ASIENTO SECUNDARIO - NOMBRE PERSONAL | |
| Nombre personal | Ruiz Soto, Margarita Flora |
| Término de relación | autora |
| 9 (RLIN) | 72219 |
| 700 1# - ASIENTO SECUNDARIO - NOMBRE PERSONAL | |
| Nombre personal | Palacio-Castañeda, Germán Alfonso |
| Fechas asociadas con el nombre | 1948 - |
| Término de relación | editor |
| 9 (RLIN) | 72238 |
| 942 ## - ELEMENTOS ADICIONALES (KOHA) | |
| Sistema de clasificación | Dewey Decimal Classification |
| Tipo de ítem | Libro |
| Withdrawn status | Lost status | Sistema de Clasificación | Damaged status | No para préstamo | Colección | Inventariado | Ubicación Permanente | Ubicación actual | Fecha de adquisición | Fuente de Valor | Valor | Total Checkouts | Número topográfico | Inventario / Código de Barras | Date last seen | Ejemplar | Price effective from | Forma de adquisición | Tipo de material |
|---|---|---|---|---|---|---|---|---|---|---|---|---|---|---|---|---|---|---|---|
| Dewey Decimal Classification | General | Inventariado 2017 | Bogotá | Bogotá | 27/06/2016 | Instituto | 39000.00 | LB-333.72 H67a | 040498 | 07/03/2019 | Ej. 1 | 27/06/2016 | Donación | Libro | |||||
| Dewey Decimal Classification | General | Inventariado 2017 | Sala Fabio Quevedo | Sala Fabio Quevedo | 19/07/2016 | Instituto | 39000.00 | LB-333.72 H67a | 029619 | 19/07/2016 | Ej. 2 | 19/07/2016 | Donación | Libro |